| 000 | 00751nam a2200253Ii 4500 | ||
|---|---|---|---|
| 001 | 47230 | ||
| 003 | CO-ViMGA | ||
| 005 | 20260224220055.0 | ||
| 008 | 241108s9999||||xx |||||||||||||| ||und|| | ||
| 020 | _a9583354821 | ||
| 020 | _a9589583354829 | ||
| 040 |
_aCO-ViMGA _bspa _erda _cCO-ViMGA |
||
| 041 | 0 | _aspa | |
| 084 | _aN TRE7e | ||
| 100 | 1 |
_aTrejos Jaramillo, Jorge _952444 |
|
| 245 | 1 | 0 |
_aEs la historia de un amor -- : _bnovela en letras de tangos y boleros |
| 264 | 1 | _aBogotá, Colombia : publisher not identified], 2004 | |
| 300 | _avolumen | ||
| 336 |
_atext _btxt _2rdacontent |
||
| 337 |
_aunmediated _bn _2rdamedia |
||
| 338 |
_avolume _bnc _2rdacarrier |
||
| 940 | _aidficha_siabuc: 21282. -- ficha_no_siabuc:22840 | ||
| 942 |
_2ddc _cBK |
||
| 999 |
_c47230 _d47230 |
||